000 00457nam a22001811a 4500
082 _aM 796.42
_bGEO/A
100 _aGeorge Emmanuel
245 _aAthletic meet:
_bmarking, niyamangal, nirdhesangal/
_cby George Emmanuel
260 _bGeorge Emmanuel:
_c1997.
_aErnakulam,
300 _a666p.
500 _aGeorge Emmanuel
650 _aGames
650 _aSports
650 _aAthletics
650 _aPhysical Education
650 _aArts
942 _cBK
999 _c3528
_d3528